000 02522 a2200361 4500
001 OB-psorbonne-45306
003 FrMaCLE
005 20251214082537.0
007 cu ||||||m||||
008 201124e||||||||xx |||||s|||||||||0|fr|d
020 _a979-10-351-0372-9
024 7 _a10.4000/books.psorbonne.45306
_2doi
040 _aFR-FrMaCLE
041 _afra
100 1 _aMizrahi, Jean-David
245 1 0 _aGenèse de l’État mandataire :
_bService des renseignements et bandes armées en Syrie et au Liban dans les années 1920 /
_cJean-David Mizrahi.
260 _aParis :
_bÉditions de la Sorbonne,
_c2020.
300 _a462 p.
500 _aEbook
520 _a « Zone tribale du Nord-Yémen », « zone tribale de l’Ouest pakistanais », voilà bien des expressions qui reviennent dans l’actualité pour désigner des régions de confins farouchement réfractaires à l’imposition d’un nouvel ordre politique. Dès la fin du XIXe et au début du XXe siècle, les États européens, emportés dans leur mouvement d’expansion outre-mer, vinrent buter, en périphérie, sur ce type d’espace en quelque sorte interstitiel des relations internationales contemporaines. Dans ces zones où les agents traditionnels de la vie diplomatique pénétraient peu, ou mal, une expertise particulière, celle du renseignement et des agences de sécurité, parut s’imposer. Lorsque la France coloniale s’implante en Syrie et au Liban, au lendemain de la Première Guerre mondiale, elle doit précisément faire face à ce type de résistance, où se combinent turbulences tribales, désordres sociaux et effervescence identitaire. La lutte qui s’engage alors entre bandes armées locales d’une part, et Service des Renseignements de l’armée française de l’autre, dépasse, et de loin, le face-à-face purement martial, mais renvoie à un choc des violences, sociale et guerrière d’un côté, étatique et militaire de l’autre, dont il n’est pas sûr que la leçon ne vaille qu’au passé.
540 _aOpenEdition Books License
_uhttps://www.openedition.org/12554
650 4 _aHistory
650 4 _azone tribale
650 4 _arelation internationale
650 4 _adiplomatie
650 4 _acolonialisme
650 4 _aÉtat mandataire
650 4 _aservice de renseignement
650 4 _aordre politique
760 0 _x2825-3582
776 _z978-2-85944-396-2
856 4 _eMizrahi, Jean-David
_uhttps://books.openedition.org/psorbonne/45306
_yGenèse de l’État mandataire
999 _c1348
_d1348